| 000 | 00956nam a22003377a 4500 | ||
|---|---|---|---|
| 003 | CHAP | ||
| 005 | 20220329135202.0 | ||
| 008 | 971013s1977 r 00010 d | ||
| 010 | _a32274 | ||
| 011 | _a33246 | ||
| 035 | _a37361 | ||
| 040 | _cCHAP | ||
| 090 | _aFolleto 8282 | ||
| 100 | 0 | 0 |
_aMarx, Karl. _972726 |
| 245 | _aMarx, Lenin y la población | ||
| 260 |
_aLa Habana : _bEd. Ciencias Sociales, _c1977 |
||
| 300 | _a21 p | ||
| 490 | _aDemografía | ||
| 590 |
_aBATCH-UPD _b10 _c20130110 _lUCH01 _h1002 |
||
| 590 |
_aBATCH-UPD _b10 _c20130410 _lUCH01 _h0613 |
||
| 590 |
_aBATCH-UPD _b10 _c20130914 _lUCH01 _h1721 |
||
| 590 |
_aCONVERSION _b10 _c20130109 _lUCH01 _h1318 |
||
| 650 | 1 | 4 |
_aMarxismo. _972728 |
| 650 | 1 | 4 |
_aPoblación. _989360 |
| 650 | 1 | 4 |
_aSocialismo. _9108040 |
| 700 | 0 |
_aLenin, Vladimir Ilich. _965999 |
|
| 830 |
_aDemografía _931743 |
||
| 901 | _aBK | ||
| 942 | _cFOLL | ||
| 949 |
_aFolleto 8282 _bBC _cFOLL _d-85602 _eTS1 _i37361 _si |
||
| 999 |
_c32274 _d32274 |
||